Recueil d'exercices d'analyse
Gardado en:
| Autor Principal: | |
|---|---|
| Formato: | Libro |
| Idioma: | francés |
| Publicado: |
París, Francia
Société d'Edition d'Enseignement Supérieur
1965
|
| Subjects: | |
| Tags: |
Engadir etiqueta
Sen Etiquetas, Sexa o primeiro en etiquetar este rexistro!
|
MARC
| LEADER | 00000nam a2200000 a 4500 | ||
|---|---|---|---|
| 001 | UCP0332 | ||
| 003 | CL-VaPUC | ||
| 005 | 20231128171144.0 | ||
| 008 | 990305e19650000FR |||||||||||||||||fre|d | ||
| 999 | |c 279157 |d 279155 | ||
| 040 | |c Pontificia Universidad Católica de Valparaíso | ||
| 082 | 0 | 4 | |a 515.43 BOU 1965 |2 21 |
| 100 | |a Boursin, Jean-Louis |9 428175 | ||
| 245 | 1 | 0 | |a Recueil d'exercices d'analyse |
| 260 | 0 | 3 | |a París, Francia |b Société d'Edition d'Enseignement Supérieur |c 1965 |
| 300 | |a v | ||
| 583 | |a last modification |c 19990305 00:00:00 |k Rodrigo Vera | ||
| 650 | 0 | |a Cálculo integral |9 260103 | |
| 650 | 0 | |a Análisis matemático |9 260146 | |
| 650 | 7 | |a CALCULO DE PRIMITIVAS |2 CL-VaPUC |9 425553 | |
| 650 | 7 | |a INTEGRALES DEFINIDAS |2 CL-VaPUC |9 425554 | |
| 650 | 7 | |a SERIES |2 CL-VaPUC |9 325542 | |
| 650 | 0 | |a Ecuaciones diferenciales |9 260083 | |
| 942 | |c BK |2 ddc | ||
| 945 | |d 19990305 00:00:00 |a crobeson | ||
| 952 | |0 0 |1 0 |2 ddc |4 0 |6 515_430000000000000_BOU_1965 |7 0 |8 A |9 318080 |a BIBMAT |b BIBMAT |d 2019-11-20 |i 1324047 |o 515.43 BOU 1965 |p 1324047 |r 2025-01-07 |t 1 |w 2019-11-20 |y BK |k MAT | ||